| 000 | 00580nam a2200229 a 4500 | ||
|---|---|---|---|
| 001 | nice12345678 | ||
| 003 | IN_TiNIC | ||
| 005 | 20260116014150.0 | ||
| 008 | 140523s2007 enga grp 000 0 eng | ||
| 020 |
_a9788171099634 _c140 |
||
| 082 | 0 | 0 |
_a230 _bCAL2 |
| 100 | _aCallahan, Sidney | ||
| 245 |
_aCreated for Joy _b A Christian View of Suffering |
||
| 260 |
_aEngland _bSt. Pauls Pubs. _c2007 |
||
| 300 | _a237p | ||
| 500 | _aincludes index and biblioraphy | ||
| 650 | _aTheology | ||
| 700 | 1 | _aCallahan, Sidney | |
| 902 | _bSRS | ||
| 942 | _cBK | ||
| 999 |
_c14149 _d14149 |
||